| Tag |
First Indicator |
Second Indicator |
Subfields |
| LEADER |
00000cam a2200000 a 4500 |
| 001 |
in00000417220 |
| 005 |
20151012054822.0 |
| 008 |
860508s1985 wiu b s00010 eng |
| 010 |
|
|
|a 86156532
|
| 020 |
|
|
|a 0916671542 (pbk.)
|
| 035 |
|
|
|a (OCoLC)13746273
|
| 035 |
|
|
|9 ABU8769AM
|
| 040 |
|
|
|a DLC
|c DLC
|d TXA
|d UtOrBLW
|
| 049 |
|
|
|a TXAM
|c [A09544804]
|
| 050 |
0 |
0 |
|a HF5381.7
|b .B67 1985
|
| 082 |
0 |
|
|a 153.9/4
|2 19
|
| 100 |
1 |
|
|a Botterbusch, Karl F.
|
| 245 |
1 |
0 |
|a Testing and test modification in vocational evaluation /
|c Karl F. Botterbusch and Nancy L. Michael.
|
| 264 |
|
1 |
|a Menomonie, Wis. :
|b Materials Development Center, Stout Vocational Rehabilitation Institute, University of Wisconsin-Stout,
|c [1985]
|
| 264 |
|
4 |
|c ©1985
|
| 300 |
|
|
|a 170 pages ;
|c 28 cm.
|
| 336 |
|
|
|a text
|b txt
|2 rdacontent
|
| 337 |
|
|
|a unmediated
|b n
|2 rdamedia
|
| 338 |
|
|
|a volume
|b nc
|2 rdacarrier
|
| 504 |
|
|
|a Bibliography: pages 162-166.
|
| 650 |
|
0 |
|a Occupational aptitude tests.
|
| 650 |
|
0 |
|a People with disabilities
|x Employment.
|
| 650 |
|
0 |
|a Vocational qualifications
|x Evaluation.
|
| 700 |
1 |
|
|a Michael, Nancy.
|
| 710 |
2 |
|
|a Stout Vocational Rehabilitation Institute.
|b Materials Development Center.
|
| 999 |
|
|
|a MARS
|
| 999 |
f |
f |
|s a7b43b71-b4db-3bfd-a104-ca3edbbf52d8
|i 25904e3d-d6d8-32ad-b406-f3d01d2ad4fd
|t 0
|
| 952 |
f |
f |
|p ric
|a Texas A&M University
|b Rellis Campus
|c Joint Library Facility
|s JLF
|d Remote Storage
|t 0
|e HF5381.7 .B67 1985
|h Library of Congress classification
|i unmediated -- volume
|m A14809544804
|
| 998 |
f |
f |
|a HF5381.7 .B67 1985
|t 0
|l Remote Storage
|